Dictionary of soils (Record no. 36490)

MARC details
000 -LEADER
fixed length control field 00293nam a2200121Ia 4500
082 ## - DEWEY DECIMAL CLASSIFICATION NUMBER
Classification number 631.4(038)
Item number PLA
100 ## - MAIN ENTRY--AUTHOR NAME
Personal name Cailleux, A
245 #0 - TITLE STATEMENT
Title Dictionary of soils
260 ## - PUBLICATION, DISTRIBUTION, ETC. (IMPRINT)
Place of publication New York
Name of publisher Amerind
Year of publication 1981
700 ## - ADDED ENTRY--PERSONAL NAME
Personal name Plaisance, G
942 ## - ADDED ENTRY ELEMENTS (KOHA)
Koha item type Books
Holdings
Withdrawn status Lost status Damaged status Not for loan Home library Current library Date acquired Cost, normal purchase price Full call number Accession Number Koha item type
        RRII Library RRII Library 16/12/2021 150.00 631.4(038) PLA 16896 Books